[Event "Cto. FACV Ind. Absoluto Vila-real 2014"]
[Site "Villareal ESP"]
[Date "2014.10.18"]
[Round "4.10"]
[White "Arsis Lopez, Jordi"]
[Black "Rivera Lirio, Francisco"]
[Result "0-1"]
[WhiteElo "1381"]
[BlackElo "1494"]
[PlyCount "138"]
[EventDate "2014.09.27"]
[EventType "swiss"]
[EventRounds "7"]
[EventCountry "ESP"]
[Source "lmi"]
[SourceDate "2014.09.27"]

1. d4 Nf6 2. Nf3 g6 3. Bf4 Bg7 4. e3 O-O 5. Be2 d6 6. h3 c5 7. c3 Nbd7 8. Nbd2
b6 9. O-O Bb7 10. Bh2 Rc8 11. Rc1 Re8 12. Qa4 a6 13. Bxa6 Ra8 14. Ng5 Rxa6 15.
Qb3 d5 16. e4 e6 17. Ngf3 Qa8 18. e5 Ne4 19. Nb1 Rc8 20. Kh1 Bc6 21. Qc2 Ba4
22. Qe2 Ra5 23. Rfe1 Bb5 24. Qc2 Qa6 25. Rcd1 Rxa2 26. Na3 Ba4 27. Qb1 Bxd1 28.
Qxa2 Qd3 29. Qb1 Qa6 30. Qc1 Nxf2+ 31. Kg1 Nd3 32. Qxd1 Nxe1 33. Qxe1 Bh6 34.
Qh4 Be3+ 35. Kh1 cxd4 36. Qe1 Qd3 37. Bg1 Bxg1 38. Nxg1 dxc3 39. bxc3 Qxc3 40.
Qxc3 Rxc3 41. Nb5 Rc1 42. Kh2 f6 43. exf6 Nxf6 44. Nf3 Rb1 45. Nbd4 Kf7 46.
Ne5+ Ke7 47. Ndc6+ Kd6 48. Kg3 g5 49. h4 h6 50. hxg5 hxg5 51. Kf3 d4 52. Ke2
Rb2+ 53. Kf3 b5 54. g3 Rb3+ 55. Kf2 Ne4+ 56. Ke1 Rc3 57. g4 Rxc6 58. Nxc6 Kxc6
59. Ke2 Kc5 60. Kd3 Nd6 61. Kc2 Kc4 62. Kc1 Kc3 63. Kd1 b4 64. Kc1 d3 65. Kb1
d2 66. Ka2 e5 67. Kb1 d1=Q+ 68. Ka2 Qb3+ 69. Ka1 Qb2# 0-1

[Event "Cto. FACV Ind. Absoluto Vila-real 2014"]
[Site "Villareal ESP"]
[Date "2014.11.08"]
[Round "5.1"]
[White "Aymerich Rosell, Pablo"]
[Black "Jordan Martinez, David"]
[Result "1-0"]
[WhiteElo "2163"]
[BlackElo "2122"]
[PlyCount "63"]
[EventDate "2014.09.27"]
[EventType "swiss"]
[EventRounds "7"]
[EventCountry "ESP"]
[Source "lmi"]
[SourceDate "2014.09.27"]

1. d4 Nf6 2. c4 g6 3. Nc3 Bg7 4. e4 O-O 5. Be2 d6 6. Bg5 Nbd7 7. Qd2 e5 8. Nf3
Qe8 9. O-O exd4 10. Nxd4 Nxe4 11. Nxe4 Qxe4 12. Nb5 Qc6 13. Bf3 Qxc4 14. Be2
Qc6 15. Rac1 Nc5 16. b4 a6 17. Nc3 f6 18. Nd5 Qd7 19. Bh4 Ne6 20. Bg4 f5 21.
Bf3 h6 22. Rfe1 Qf7 23. Nxc7 g5 24. Nxa8 Nd4 25. Nb6 Nxf3+ 26. gxf3 Be6 27.
Qxd6 Bxa2 28. Rc7 Qh5 29. Nd5 gxh4 30. Ree7 Qg5+ 31. Kf1 Bh8 32. Qe6+ 1-0

[Event "Cto. FACV Ind. Absoluto Vila-real 2014"]
[Site "Villareal ESP"]
[Date "2014.11.08"]
[Round "5.2"]
[White "Gallego Mora, Salvador"]
[Black "Romero Calduch, Sergio"]
[Result "0-1"]
[WhiteElo "1928"]
[BlackElo "2179"]
[PlyCount "94"]
[EventDate "2014.09.27"]
[EventType "swiss"]
[EventRounds "7"]
[EventCountry "ESP"]
[Source "lmi"]
[SourceDate "2014.09.27"]

1. e4 e6 2. d4 d5 3. exd5 exd5 4. Nf3 Bd6 5. c4 Bb4+ 6. Nc3 Nf6 7. Qb3 Nc6 8.
cxd5 Nxd5 9. Bb5 Be6 10. Bxc6+ bxc6 11. O-O Bxc3 12. bxc3 Ne3 13. Qa4 Nxf1 14.
Qxc6+ Kf8 15. Ba3+ Kg8 16. c4 Qe8 17. Qxe8+ Rxe8 18. d5 Nxh2 19. Kxh2 Bc8 20.
Nd4 a6 21. Nc6 h6 22. Ne7+ Kh7 23. f3 Bd7 24. d6 c6 25. Rb1 Rb8 26. Rb3 Rxb3
27. axb3 a5 28. b4 axb4 29. Bxb4 Ra8 30. c5 Ra2 31. Bc3 Rc2 32. Bd4 Rc4 33. Bf2
g5 34. g3 f5 35. Kg2 Kg7 36. Kf1 Rc2 37. f4 gxf4 38. gxf4 h5 39. Ke1 Rc4 40.
Be3 h4 41. Kf1 h3 42. Kg1 Kf7 43. Kh2 Rc2+ 44. Kh1 h2 45. Bd4 Be6 46. Be3 Bc4
47. Bd4 Bd3 0-1

[Event "Cto. FACV Ind. Absoluto Vila-real 2014"]
[Site "Villareal ESP"]
[Date "2014.11.08"]
[Round "5.3"]
[White "Viciano Barrachina, Aitor"]
[Black "Mezquita Salla, Kevin"]
[Result "0-1"]
[WhiteElo "1892"]
[BlackElo "1804"]
[PlyCount "74"]
[EventDate "2014.09.27"]
[EventType "swiss"]
[EventRounds "7"]
[EventCountry "ESP"]
[Source "lmi"]
[SourceDate "2014.09.27"]

1. e4 Nf6 2. e5 Nd5 3. d4 d6 4. c4 Nb6 5. exd6 exd6 6. Nc3 Be7 7. Be3 O-O 8.
Bd3 Nc6 9. a3 Bf6 10. Nge2 Bg4 11. Qc2 h6 12. O-O d5 13. c5 Nc4 14. Bxc4 dxc4
15. Rad1 Bg5 16. Bxg5 Qxg5 17. Ne4 Qd5 18. f3 Bf5 19. Nf4 Bxe4 20. fxe4 Qg5 21.
Qxc4 Rad8 22. Nd5 Ne7 23. Nxe7+ Qxe7 24. d5 Qe5 25. b4 Rfe8 26. d6 Re6 27. dxc7
Qxc7 28. Rd5 Rde8 29. Qd3 R8e7 30. e5 g6 31. Rd1 Rxe5 32. Rd8+ Kh7 33. Rd7 Qc6
34. Qd4 Re2 35. Qd5 Qf6 36. Rf1 Re1 37. Qc4 Qxf1+ 0-1

[Event "Cto. FACV Ind. Absoluto Vila-real 2014"]
[Site "Villareal ESP"]
[Date "2014.11.08"]
[Round "5.4"]
[White "Moran Marzal, Francisco Javier"]
[Black "Ventura Monfort, Santiago"]
[Result "0-1"]
[WhiteElo "1836"]
[BlackElo "1861"]
[PlyCount "58"]
[EventDate "2014.09.27"]
[EventType "swiss"]
[EventRounds "7"]
[EventCountry "ESP"]
[Source "lmi"]
[SourceDate "2014.09.27"]

1. d4 Nf6 2. c4 g6 3. Nc3 Bg7 4. e4 d6 5. Nf3 O-O 6. Be2 Na6 7. O-O e5 8. dxe5
dxe5 9. Qxd8 Rxd8 10. Bg5 h6 11. Bxf6 Bxf6 12. Rfd1 Rxd1+ 13. Rxd1 c6 14. a3
Be6 15. b4 g5 16. h3 Be7 17. c5 f6 18. Nd2 b5 19. cxb6 axb6 20. Bc4 Nc7 21.
Bxe6+ Nxe6 22. Ndb1 Nd4 23. Rd2 Kf7 24. Ne2 c5 25. Nxd4 exd4 26. bxc5 bxc5 27.
Rd3 Ke6 28. Nd2 Ra4 29. f3 c4 0-1

[Event "Cto. FACV Ind. Absoluto Vila-real 2014"]
[Site "Villareal ESP"]
[Date "2014.11.08"]
[Round "5.5"]
[White "Soriano Pallas, Rafael"]
[Black "Agudo Pelayo, David"]
[Result "1-0"]
[WhiteElo "1911"]
[BlackElo "1573"]
[PlyCount "71"]
[EventDate "2014.09.27"]
[EventType "swiss"]
[EventRounds "7"]
[EventCountry "ESP"]
[Source "lmi"]
[SourceDate "2014.09.27"]

1. e4 e5 2. Nf3 Nc6 3. d4 exd4 4. Nxd4 Bc5 5. Nb3 Bb6 6. a4 a6 7. Nc3 Nf6 8. a5
Ba7 9. Bg5 Qe7 10. Qe2 d6 11. Nd5 Qd8 12. O-O-O O-O 13. Nxf6+ gxf6 14. Bh4 Ne5
15. h3 Ng6 16. Bg3 Kh8 17. h4 Rg8 18. Qd2 Qe7 19. h5 Ne5 20. Bh4 Ng4 21. Nd4
Bxd4 22. Qxd4 Re8 23. Bd3 c5 24. Qc3 Kg7 25. Qd2 Nh6 26. f4 Bg4 27. Rde1 Qd7
28. Qc3 Qe6 29. Bc4 d5 30. Bxd5 Qd6 31. Rhf1 Nf5 32. exf5 Rxe1+ 33. Rxe1 Qxf4+
34. Kb1 Qxf5 35. Bc4 Bxh5 36. Rf1 1-0

[Event "Cto. FACV Ind. Absoluto Vila-real 2014"]
[Site "Villareal ESP"]
[Date "2014.11.08"]
[Round "5.6"]
[White "Gimeno Simo, Sergio"]
[Black "Ventura Monfort, Javier"]
[Result "1-0"]
[WhiteElo "1702"]
[BlackElo "1798"]
[PlyCount "61"]
[EventDate "2014.09.27"]
[EventType "swiss"]
[EventRounds "7"]
[EventCountry "ESP"]
[Source "lmi"]
[SourceDate "2014.09.27"]

1. e4 c5 2. Nf3 d6 3. d3 g6 4. g3 Nc6 5. Bg2 Bg7 6. O-O Nh6 7. Nbd2 O-O 8. Re1
Bd7 9. Nf1 Qb6 10. c3 Ng4 11. h3 Nge5 12. N1h2 Nxf3+ 13. Nxf3 e5 14. Rb1 a5 15.
Be3 Be6 16. b3 Rad8 17. Qd2 f5 18. Bh6 f4 19. Bxg7 Kxg7 20. g4 Qc7 21. Ng5 Bd7
22. Rbc1 Qc8 23. d4 exd4 24. cxd4 Nxd4 25. Qc3 Kh6 26. Nf3 Nxf3+ 27. Bxf3 b6
28. Rcd1 Bc6 29. h4 g5 30. hxg5+ Kxg5 31. Qg7+ 1-0

[Event "Cto. FACV Ind. Absoluto Vila-real 2014"]
[Site "Villareal ESP"]
[Date "2014.11.08"]
[Round "5.7"]
[White "Rivera Lirio, Francisco"]
[Black "Arroyo Cabrera, Andres"]
[Result "0-1"]
[WhiteElo "1494"]
[BlackElo "1744"]
[PlyCount "56"]
[EventDate "2014.09.27"]
[EventType "swiss"]
[EventRounds "7"]
[EventCountry "ESP"]
[Source "lmi"]
[SourceDate "2014.09.27"]

1. d4 Nf6 2. Nf3 e6 3. g3 d5 4. Bg2 Nbd7 5. O-O c6 6. b3 Ne4 7. Bb2 Ndf6 8. Ne5
h6 9. f3 Ng5 10. Nd2 Nd7 11. Nxd7 Bxd7 12. c4 Bb4 13. Nb1 f5 14. c5 O-O 15. Bc1
Qf6 16. a3 Ba5 17. Bf4 Nf7 18. e4 g5 19. Be3 Bc7 20. e5 Qg6 21. f4 g4 22. Nc3
h5 23. h3 gxh3 24. Bxh3 Qxg3+ 25. Bg2 Qxe3+ 26. Kh2 Nh6 27. Qxh5 Ng4+ 28. Kh1
Rf7 0-1

[Event "Cto. FACV Ind. Absoluto Vila-real 2014"]
[Site "Villareal ESP"]
[Date "2014.11.08"]
[Round "5.8"]
[White "Lopez Benlloch, Vicente"]
[Black "Gargallo Catalan, Oscar"]
[Result "0-1"]
[WhiteElo "1570"]
[BlackElo "1454"]
[PlyCount "100"]
[EventDate "2014.09.27"]
[EventType "swiss"]
[EventRounds "7"]
[EventCountry "ESP"]
[Source "lmi"]
[SourceDate "2014.09.27"]

1. e4 d6 2. Nf3 Nf6 3. Nc3 g6 4. d3 Bg7 5. Be2 c6 6. O-O O-O 7. h3 Nbd7 8. Be3
d5 9. e5 Ne8 10. d4 Nc7 11. Qd2 f6 12. Bh6 c5 13. Bxg7 Kxg7 14. exf6+ exf6 15.
dxc5 Nxc5 16. Rad1 Be6 17. Nh2 Ne4 18. Nxe4 dxe4 19. Rfe1 Qxd2 20. Rxd2 Rad8
21. Red1 Rxd2 22. Rxd2 Rf7 23. Nf1 a6 24. f3 exf3 25. Bxf3 b5 26. Rd6 Rd7 27.
Rxd7+ Bxd7 28. a3 a5 29. c3 Na6 30. Be2 Nc5 31. Ne3 Bc6 32. Kf2 Ne4+ 33. Ke1 f5
34. Nc2 Nd6 35. Kf1 Kf6 36. Nd4 Bd7 37. Nf3 a4 38. Nd4 Ke5 39. Bd3 h5 40. Kf2
Nc4 41. Bxc4 bxc4 42. Nf3+ Ke4 43. Ke2 Kf4 44. Kf2 g5 45. g3+ Ke4 46. Ke2 f4
47. Nxg5+ Kf5 48. gxf4 Kxf4 49. h4 Kg3 50. Nf3 Bg4 0-1

[Event "Cto. FACV Ind. Absoluto Vila-real 2014"]
[Site "Villareal ESP"]
[Date "2014.11.15"]
[Round "6.1"]
[White "Ventura Monfort, Santiago"]
[Black "Aymerich Rosell, Pablo"]
[Result "0-1"]
[WhiteElo "1861"]
[BlackElo "2163"]
[PlyCount "80"]
[EventDate "2014.09.27"]
[EventType "swiss"]
[EventRounds "7"]
[EventCountry "ESP"]

1. e4 e5 2. Nf3 Nc6 3. Bb5 a6 4. Ba4 Nge7 5. c3 g6 6. d4 exd4 7. cxd4 b5 8. Bb3
Bg7 9. O-O O-O 10. d5 Na5 11. Bc2 d6 12. Nc3 Bb7 13. Bg5 h6 14. Bh4 Nc4 15. Qc1
Qd7 16. Rd1 Rae8 17. Nd4 c5 18. Nde2 g5 19. Bg3 f5 20. f4 g4 21. b3 Nb6 22. Rb1
b4 23. Na4 Nxa4 24. bxa4 fxe4 25. Bxe4 Nf5 26. Bxf5 Qxf5 27. Qd2 a5 28. Bf2 Ba6
29. Ng3 Qf7 30. f5 Bc8 31. Qd3 Bxf5 32. Nxf5 Qxf5 33. Qxf5 Rxf5 34. Bg3 Bd4+
35. Kh1 Rxd5 36. a3 bxa3 37. h3 gxh3 38. gxh3 a2 39. Rbc1 Re2 40. Bf4 Rh5 0-1

[Event "Cto. FACV Ind. Absoluto Vila-real 2014"]
[Site "Villareal ESP"]
[Date "2014.11.15"]
[Round "6.2"]
[White "Romero Calduch, Sergio"]
[Black "Jordan Martinez, David"]
[Result "1/2-1/2"]
[WhiteElo "2179"]
[BlackElo "2122"]
[PlyCount "84"]
[EventDate "2014.09.27"]
[EventType "swiss"]
[EventRounds "7"]
[EventCountry "ESP"]

1. d4 Nf6 2. c4 g6 3. Nf3 Bg7 4. g3 O-O 5. Bg2 d6 6. O-O Nbd7 7. Nc3 e5 8. e4
exd4 9. Nxd4 Re8 10. Re1 Nc5 11. h3 a6 12. b3 Rb8 13. Bb2 Bd7 14. Rc1 b5 15.
cxb5 axb5 16. b4 Ne6 17. Nd5 Nxd5 18. exd5 Nxd4 19. Rxe8+ Qxe8 20. Bxd4 Rb7 21.
Bxg7 Kxg7 22. Qd4+ f6 23. Kf1 Kf7 24. Re1 Qd8 25. h4 Rb8 26. h5 Ra8 27. hxg6+
hxg6 28. Qh4 Qh8 29. Qxh8 Rxh8 30. Rc1 Rc8 31. Ke2 Ra8 32. Rxc7 Rxa2+ 33. Kd1
Ke8 34. Rc2 Ra3 35. Rb2 Rc3 36. Bf1 Ke7 37. Kd2 Rf3 38. Ke2 Ra3 39. Kd2 f5 40.
Bd3 g5 41. f4 g4 42. Rb1 Kd8 1/2-1/2

[Event "Cto. FACV Ind. Absoluto Vila-real 2014"]
[Site "Villareal ESP"]
[Date "2014.11.15"]
[Round "6.3"]
[White "Mezquita Salla, Kevin"]
[Black "Gallego Mora, Salvador"]
[Result "0-1"]
[WhiteElo "1804"]
[BlackElo "1928"]
[PlyCount "94"]
[EventDate "2014.09.27"]
[EventType "swiss"]
[EventRounds "7"]
[EventCountry "ESP"]

1. d4 d5 2. c4 e6 3. Nc3 Nf6 4. Bg5 Bb4 5. Nf3 c6 6. Qc2 Nbd7 7. cxd5 exd5 8.
e3 Qa5 9. Bd3 O-O 10. O-O h6 11. Bf4 Nh5 12. a3 Bxc3 13. bxc3 Nxf4 14. exf4 Qd8
15. Ne5 Qf6 16. Qd2 Nb6 17. g4 Qh4 18. f3 Nd7 19. Kh1 Nxe5 20. dxe5 b6 21. Rg1
f6 22. Rg3 fxe5 23. fxe5 Qg5 24. Qxg5 hxg5 25. Kg2 Rf4 26. Rh3 Bb7 27. Rh5 Raf8
28. Bh7+ Kf7 29. Rxg5 Rc4 30. Rc1 d4 31. f4 c5+ 32. Kg3 Rh8 33. Bg6+ Ke7 34.
Rf5 Rf8 35. Rxf8 Kxf8 36. Bd3 Ra4 37. Ra1 dxc3 38. f5 Rd4 39. Bc2 b5 40. e6 Rd2
41. Rc1 Bd5 42. Rd1 Rxd1 43. Bxd1 b4 44. axb4 cxb4 45. Kf4 b3 46. Ke5 c2 47.
Be2 c1=Q 0-1

[Event "Cto. FACV Ind. Absoluto Vila-real 2014"]
[Site "Villareal ESP"]
[Date "2014.11.15"]
[Round "6.5"]
[White "Arroyo Cabrera, Andres"]
[Black "Gimeno Simo, Sergio"]
[Result "1-0"]
[WhiteElo "1744"]
[BlackElo "1702"]
[PlyCount "149"]
[EventDate "2014.09.27"]
[EventType "swiss"]
[EventRounds "7"]
[EventCountry "ESP"]

1. d4 d5 2. c4 e6 3. Nf3 c5 4. g3 cxd4 5. cxd5 Qxd5 6. Qxd4 Qxd4 7. Nxd4 Nf6 8.
Bg2 Bc5 9. Nb5 Na6 10. N1c3 O-O 11. O-O Rd8 12. Bg5 Nb4 13. Bxf6 gxf6 14. Rad1
Bd7 15. a3 Nc6 16. b4 Be7 17. Nd4 Nxd4 18. Rxd4 Bc6 19. Rxd8+ Rxd8 20. Bxc6
bxc6 21. Rd1 Rxd1+ 22. Nxd1 c5 23. b5 c4 24. Ne3 Bxa3 25. Nxc4 Bc5 26. Kg2 Kf8
27. Kf3 Ke7 28. e4 e5 29. Ke2 Ke6 30. g4 Bd4 31. h4 Bc5 32. f3 h6 33. Kd3 Bf2
34. h5 Bb6 35. Kc3 Bf2 36. Kb3 Bd4 37. Kb4 Bb6 38. Nb2 Kd6 39. Kc4 Bf2 40. Nd3
Bd4 41. f4 Be3 42. fxe5+ fxe5 43. Nb4 f6 44. Nd5 Bg5 45. Nb4 Be3 46. Nc6 Bb6
47. Nb4 Bf2 48. Nd3 Bb6 49. Ne1 Bf2 50. Nd3 Bb6 51. Nb4 Bf2 52. Nd5 Ke6 53.
Nc7+ Kd7 54. Na6 Kd6 55. Nb4 Bb6 56. Nd5 Ke6 57. Nc3 Kd6 58. Ne2 Bf2 59. Nc3
Bb6 60. Nd5 Ke6 61. Kb4 Bf2 62. Ka5 Bd4 63. Ka6 Bc5 64. Kb7 Kf7 65. Kc6 Bd4 66.
Kd7 Bc5 67. Nc7 Bf2 68. Na6 Bb6 69. Nb4 Bc5 70. Nc6 Bb6 71. Ne7 Bc5 72. Nf5 Bf8
73. Kc6 Ke6 74. Kb7 Kd7 75. Kxa7 1-0

[Event "Cto. FACV Ind. Absoluto Vila-real 2014"]
[Site "Villareal ESP"]
[Date "2014.11.15"]
[Round "6.6"]
[White "Ventura Monfort, Javier"]
[Black "Viciano Barrachina, Aitor"]
[Result "1-0"]
[WhiteElo "1798"]
[BlackElo "1892"]
[PlyCount "37"]
[EventDate "2014.09.27"]
[EventType "swiss"]
[EventRounds "7"]
[EventCountry "ESP"]

1. d4 f5 2. c4 g6 3. Nc3 Bg7 4. h4 Nf6 5. h5 Nxh5 6. e4 O-O 7. exf5 e5 8. d5 d6
9. fxg6 hxg6 10. Bd3 Qf6 11. Qc2 Na6 12. a3 Nc5 13. Bxg6 e4 14. Bxe4 Qe7 15.
Rxh5 Bxc3+ 16. Qxc3 Qxe4+ 17. Be3 Bf5 18. Nf3 Bg6 19. Rh8+ 1-0

[Event "Cto. FACV Ind. Absoluto Vila-real 2014"]
[Site "Villareal ESP"]
[Date "2014.11.15"]
[Round "6.7"]
[White "Agudo Pelayo, David"]
[Black "Moran Marzal, Francisco Javier"]
[Result "0-1"]
[WhiteElo "1573"]
[BlackElo "1836"]
[PlyCount "94"]
[EventDate "2014.09.27"]
[EventType "swiss"]
[EventRounds "7"]
[EventCountry "ESP"]

1. e4 e5 2. Nf3 d6 3. Bc4 Be7 4. d4 exd4 5. Nxd4 Nf6 6. Nc3 O-O 7. O-O Nbd7 8.
f4 Nc5 9. Qe1 Ne6 10. Nde2 c6 11. f5 Nc5 12. Nf4 b5 13. Bd3 Qb6 14. Be3 Ng4 15.
Bd4 Bf6 16. Bf2 Nxf2 17. Qxf2 Bb7 18. Kh1 b4 19. Nd1 Nxd3 20. Qxb6 axb6 21.
cxd3 c5 22. Rf3 Bc6 23. Rg3 Ba4 24. Nd5 Be5 25. Rg4 Bxd1 26. Rxd1 Bxb2 27. f6
g6 28. h4 h5 29. Rg5 Rxa2 30. Kh2 Kh7 31. Kh3 Ra1 32. Rd2 Rh1+ 33. Kg3 Be5+ 34.
Kf3 Rxh4 35. Rxe5 dxe5 36. Nxb6 Rd8 37. Nd5 Rxd5 38. exd5 Rd4 39. g3 g5 40. Ke3
Kg6 41. Rc2 Rxd5 42. Ke4 Rd4+ 43. Kxe5 Rxd3 44. Rxc5 Re3+ 45. Kd4 Rxg3 46. Rb5
b3 47. Kc4 h4 0-1

[Event "Cto. FACV Ind. Absoluto Vila-real 2014"]
[Site "Villareal ESP"]
[Date "2014.11.15"]
[Round "6.8"]
[White "Aimimir Gimenez, Jose"]
[Black "Gargallo Catalan, Oscar"]
[Result "1-0"]
[WhiteElo "1634"]
[BlackElo "1454"]
[PlyCount "99"]
[EventDate "2014.09.27"]
[EventType "swiss"]
[EventRounds "7"]
[EventCountry "ESP"]

1. d4 Nf6 2. c4 g6 3. Nc3 Bg7 4. Nf3 O-O 5. h3 d6 6. Bg5 Nfd7 7. e3 f6 8. Bh4
e5 9. Be2 Nc6 10. O-O g5 11. Bg3 f5 12. dxe5 dxe5 13. a3 a5 14. Qd2 f4 15. exf4
exf4 16. Qd5+ Kh8 17. Nxg5 Nce5 18. Bxf4 Rxf4 19. Ne6 Qf6 20. Nxf4 Qxf4 21.
Rad1 Qf6 22. Ne4 c6 23. Qd2 Qe7 24. f4 Nf7 25. Ng5 c5 26. Bh5 Nxg5 27. fxg5 Ra6
28. Bg4 Bd4+ 29. Kh1 Rd6 30. Rde1 Qd8 31. Qf4 Rc6 32. Qf7 Ne5 33. Qf8+ Qxf8 34.
Rxf8+ Kg7 35. Rxc8 Nxg4 36. Re7+ Kg6 37. Rg8+ Kf5 38. hxg4+ Kxg4 39. Rxh7 Bxb2
40. Rxb7 Bxa3 41. Rb3 Bb4 42. g6 a4 43. Rf3 a3 44. g7 a2 45. Ra8 Rg6 46. Kh2
Kh5 47. Rh3+ Kg5 48. Rg3+ Kf6 49. Rxg6+ Kxg6 50. g8=Q+ 1-0

[Event "Cto. FACV Ind. Absoluto Vila-real 2014"]
[Site "Villareal ESP"]
[Date "2014.11.22"]
[Round "7.1"]
[White "Aymerich Rosell, Pablo"]
[Black "Gallego Mora, Salvador"]
[Result "1-0"]
[WhiteElo "2163"]
[BlackElo "1928"]
[PlyCount "87"]
[EventDate "2014.09.27"]
[EventType "swiss"]
[EventRounds "7"]
[EventCountry "ESP"]

1. d4 d5 2. c4 e6 3. Nc3 Nf6 4. cxd5 Nxd5 5. e4 Nxc3 6. bxc3 b6 7. Bd3 Bb7 8.
Nf3 Nd7 9. O-O Be7 10. Qe2 c5 11. Bf4 Nf6 12. Bb5+ Kf8 13. Bd3 h6 14. a4 cxd4
15. cxd4 Bb4 16. Rfc1 Bd6 17. Bxd6+ Qxd6 18. e5 Qe7 19. exf6 gxf6 20. Be4 Rd8
21. Bxb7 Qxb7 22. Rc3 Ke7 23. Rac1 Rc8 24. Qc2 Rxc3 25. Qxc3 Rd8 26. Qb4+ Ke8
27. h3 Rc8 28. Qd2 Rxc1+ 29. Qxc1 Qd7 30. Qc4 Kd8 31. Nd2 Qc7 32. Qxc7+ Kxc7
33. Kf1 Kc6 34. Ke2 b5 35. axb5+ Kxb5 36. Kd3 Kb4 37. g4 a5 38. f4 a4 39. Nb1
Kb3 40. h4 Kb2 41. Nc3 a3 42. h5 e5 43. dxe5 fxe5 44. fxe5 1-0

[Event "Cto. FACV Ind. Absoluto Vila-real 2014"]
[Site "Villareal ESP"]
[Date "2014.11.22"]
[Round "7.2"]
[White "Romero Calduch, Sergio"]
[Black "Soriano Pallas, Rafael"]
[Result "1/2-1/2"]
[WhiteElo "2179"]
[BlackElo "1911"]
[PlyCount "42"]
[EventDate "2014.09.27"]
[EventType "swiss"]
[EventRounds "7"]
[EventCountry "ESP"]

1. Nf3 Nf6 2. d4 d5 3. g3 c6 4. Bg2 Bf5 5. c4 e6 6. Nc3 a6 7. c5 Be7 8. O-O O-O
9. b4 Nbd7 10. a4 b6 11. a5 bxc5 12. bxc5 Ne4 13. Nxe4 Bxe4 14. Ne5 Nxe5 15.
Bxe4 dxe4 16. dxe5 Bxc5 17. Qa4 Qd4 18. Be3 Qxa4 19. Rxa4 Bxe3 20. fxe3 Rfd8
21. Rc1 Rd5 1/2-1/2

[Event "Cto. FACV Ind. Absoluto Vila-real 2014"]
[Site "Villareal ESP"]
[Date "2014.11.22"]
[Round "7.3"]
[White "Jordan Martinez, David"]
[Black "Mezquita Salla, Kevin"]
[Result "1-0"]
[WhiteElo "2122"]
[BlackElo "1804"]
[PlyCount "133"]
[EventDate "2014.09.27"]
[EventType "swiss"]
[EventRounds "7"]
[EventCountry "ESP"]

1. c4 Nf6 2. d4 e6 3. g3 d5 4. Bg2 b6 5. Nc3 Bb7 6. cxd5 exd5 7. Nf3 Nbd7 8.
Ne5 c5 9. O-O cxd4 10. Qxd4 Bc5 11. Qa4 a6 12. Nxd7 Qxd7 13. Qxd7+ Kxd7 14. Bg5
Ne4 15. Bh3+ Ke8 16. Nxe4 dxe4 17. Rfd1 Bc6 18. Rac1 a5 19. Be3 Bxe3 20. Rxc6
Bc5 21. Rc7 Rf8 22. Bd7+ Kd8 23. Rb7 Ke7 24. Bc6+ Ke6 25. Bxe4 Rad8 26. Bd3 Kf6
27. Kg2 Rfe8 28. Rc7 Rd6 29. Rc1 Re7 30. Rc8 h6 31. Rc2 g5 32. h3 Kg7 33. Bb5
Rf6 34. e3 Re5 35. Bc6 Rd6 36. Rc7 Kf6 37. Rc8 Kg7 38. e4 Ree6 39. Bd5 Re7 40.
Ba8 Red7 41. Bd5 Re7 42. Ra8 Red7 43. Re8 Rd8 44. Re5 Rf6 45. Bb3 Rd3 46. Rd5
Rd6 47. Rxd6 Rxd6 48. e5 Rd4 49. Re2 Rd7 50. f4 Kg6 51. Bc2+ Kg7 52. Kf3 Re7
53. f5 f6 54. e6 h5 55. Ba4 Kf8 56. Rd2 Kg7 57. Bd7 Kh6 58. Ke4 g4 59. hxg4
hxg4 60. Kf4 Kg7 61. Kxg4 Kf8 62. Kf3 Rg7 63. Rh2 Ke7 64. g4 Rg8 65. Rh7+ Kd6
66. Rf7 Bd4 67. Ba4 1-0

[Event "Cto. FACV Ind. Absoluto Vila-real 2014"]
[Site "Villareal ESP"]
[Date "2014.11.22"]
[Round "7.4"]
[White "Ventura Monfort, Santiago"]
[Black "Arroyo Cabrera, Andres"]
[Result "1-0"]
[WhiteElo "1861"]
[BlackElo "1744"]
[PlyCount "91"]
[EventDate "2014.09.27"]
[EventType "swiss"]
[EventRounds "7"]
[EventCountry "ESP"]

1. e4 e6 2. Qe2 c5 3. Nf3 Nc6 4. c3 Nge7 5. g3 Ng6 6. Bg2 Be7 7. O-O O-O 8. d4
d5 9. dxc5 dxe4 10. Qxe4 Bxc5 11. b4 Bb6 12. a3 a5 13. b5 Nce7 14. a4 Qc7 15.
h4 Nd5 16. Kh1 Nf6 17. Qe2 e5 18. Bb2 Bg4 19. Nbd2 Rfe8 20. Qc4 Be6 21. Qxc7
Bxc7 22. Ng5 Bd5 23. Nge4 Nxe4 24. Nxe4 Bc4 25. Rfd1 Rad8 26. Ba3 b6 27. Nd6
Bxd6 28. Rxd6 Rxd6 29. Bxd6 f5 30. Bc7 e4 31. Bxb6 f4 32. h5 f3 33. hxg6 Re6
34. gxh7+ Kxh7 35. Be3 fxg2+ 36. Kxg2 Bb3 37. b6 Re7 38. Rb1 Bd5 39. Rb5 Bc6
40. Rxa5 Rd7 41. Rh5+ Kg8 42. a5 Rd2 43. Rc5 Bb7 44. Rc7 Bd5 45. b7 Rxf2+ 46.
Kxf2 1-0

[Event "Cto. FACV Ind. Absoluto Vila-real 2014"]
[Site "Villareal ESP"]
[Date "2014.11.22"]
[Round "7.5"]
[White "Alamillo Sanz, Ildefonso"]
[Black "Ventura Monfort, Javier"]
[Result "1/2-1/2"]
[WhiteElo "1950"]
[BlackElo "1798"]
[PlyCount "72"]
[EventDate "2014.09.27"]
[EventType "swiss"]
[EventRounds "7"]
[EventCountry "ESP"]

1. e4 c5 2. Nf3 d6 3. Bc4 Nf6 4. e5 dxe5 5. Nxe5 e6 6. O-O Qc7 7. Nf3 Nc6 8.
Nc3 a6 9. a4 Nd4 10. d3 Bd6 11. h3 Bd7 12. Re1 O-O-O 13. Ng5 Bc6 14. Nge4 Be7
15. Bg5 Nxe4 16. Bxe7 Qxe7 17. Nxe4 h5 18. c3 Nf5 19. Qb3 g5 20. Qb6 Bxe4 21.
Rxe4 Qc7 22. Qxc7+ Kxc7 23. Rd1 Rd7 24. Bb3 Rhd8 25. Bc2 b5 26. g4 hxg4 27.
hxg4 Nh4 28. Kf1 Ng6 29. Ke1 Nf4 30. d4 Rh8 31. Re5 Rh1+ 32. Kd2 Rxd1+ 33. Bxd1
cxd4 34. c4 bxc4 35. Rc5+ Kb6 36. Rxc4 Rd5 1/2-1/2

[Event "Cto. FACV Ind. Absoluto Vila-real 2014"]
[Site "Villareal ESP"]
[Date "2014.11.22"]
[Round "7.6"]
[White "Gimeno Simo, Sergio"]
[Black "Aimimir Gimenez, Jose"]
[Result "1-0"]
[WhiteElo "1702"]
[BlackElo "1634"]
[PlyCount "69"]
[EventDate "2014.09.27"]
[EventType "swiss"]
[EventRounds "7"]
[EventCountry "ESP"]

1. e4 e6 2. d4 d5 3. Nd2 c5 4. c3 Nc6 5. Ngf3 Bd7 6. Bd3 cxd4 7. cxd4 Nge7 8.
O-O Ng6 9. exd5 exd5 10. Re1+ Be7 11. Nf1 O-O 12. Ng3 Bg4 13. Be3 h6 14. h3
Bxf3 15. Qxf3 Nb4 16. Bb1 Rc8 17. Bf5 Nh4 18. Qg4 Rc6 19. Rac1 Nxf5 20. Nxf5
Rg6 21. Qe2 Bg5 22. Bxg5 Rxg5 23. Rc8 Rxg2+ 24. Kxg2 Qg5+ 25. Qg4 Nc6 26. Qxg5
hxg5 27. Ree8 Rxe8 28. Rxe8+ Kh7 29. Rf8 Kg6 30. Ne3 Nxd4 31. Nxd5 a5 32. Rb8
b5 33. Ra8 a4 34. a3 Kf5 35. Rb8 1-0

[Event "Cto. FACV Ind. Absoluto Vila-real 2014"]
[Site "Villareal ESP"]
[Date "2014.11.22"]
[Round "7.7"]
[White "Moran Marzal, Francisco Javier"]
[Black "Rivera Lirio, Francisco"]
[Result "1-0"]
[WhiteElo "1836"]
[BlackElo "1494"]
[PlyCount "49"]
[EventDate "2014.09.27"]
[EventType "swiss"]
[EventRounds "7"]
[EventCountry "ESP"]

1. e4 c5 2. Nf3 Nc6 3. d4 cxd4 4. Nxd4 g6 5. Nc3 Bg7 6. Be3 d6 7. Qd2 Nf6 8. f3
O-O 9. O-O-O Nxd4 10. Bxd4 Be6 11. g4 a6 12. g5 Nd7 13. Bxg7 Kxg7 14. h4 Rg8
15. h5 Kf8 16. f4 Nc5 17. hxg6 fxg6 18. Rxh7 Rc8 19. Bh3 Bxh3 20. Rxh3 Qa5 21.
Qd5 Rc6 22. f5 gxf5 23. exf5 Qc7 24. Rf1 b5 25. g6 1-0